Statistics for History of Russia Quiz

Click here to take the quiz!

General Stats

  • This quiz has been taken 16,750 times
  • The average score is 15 of 20

Answer Stats

Hint Answer % Correct
Dictator who killed millions
but won WWII
Joseph Stalin
98%
De-facto leader since 2000Vladimir Putin
97%
First communist leaderV.I. Lenin
96%
Peninsula seized in 2014Crimea
87%
Country invaded in 1979Afghanistan
84%
Satellite that launched the space raceSputnik
84%
Siberian prison system during the
reign of the above
Gulag
82%
Pact between the USSR and
its allies in 1955
{Warsaw} Pact
80%
"Great" female empressCatherine the Great
77%
Conqueror who invaded
Russia in 1812
Napoleon
77%
Author of "War & Peace"Leo Tolstoy
75%
Communist faction that seized
power in 1917
Bolshevik
69%
Tsar who moved the capitalPeter the Great
68%
Country invaded in 2008Georgia
65%
Group that conquered Russia
in the 1200's
Mongols
65%
First democratically-elected PresidentBoris Yeltsin
62%
First tsarIvan the Terrible
62%
Last tsarist dynastyRomanov
59%
Ancient fortified area of MoscowKremlin
57%
Group that was liberated in 1861Serfs
25%

Score Distribution

Percentile by Number Answered

Percent of People with Each Score

Your Score History

You have not taken this quiz